000 00412nam a2200157 4500
001 45986
090 _a45986
100 _a20260407 pory50
101 _apor
102 _aPT
200 _aContas de pasta vítrea policrómicas do Museu Etnológico
_fLuís Chaves
210 _a[Não identificado]
_c[Não identificado]
_d[Não identificado]
215 _a1 v.
675 _a738
801 _aPT
_gRPC
990 _cLIVROS